Van Der Linde Gang Members by Surname RDR2 - Statistics

General Stats
  • This quiz has been taken 240 times
    157 since last reset
  • The average score is 20 of 23
Answer Stats
Hint Answer % Correct
Arthur Morgan
94%
Dutch Van Der Linde
94%
Micah Bell
93%
Javier Escuella
93%
Molly O'Shea
92%
Bill Williamson
92%
Sadie Adler
91%
John and Jack Marston
91%
Leopold Strauss
90%
Susan Grimshaw
89%
Sean MacGuire
87%
Kieran Duffy
86%
Hosea Matthews
86%
Uncle N/A
86%
Charles Smith
85%
Lenny Summers
85%
Tilly Jackson
83%
Josiah Trelawny
83%
Abigail Roberts
81%
Karen Jones
78%
Mary-Beth Gaskill
75%
Simon Pearson
74%
Orville Swanson
68%
No matching quizzes found
Score Distribution
Percent of People with Each Score
Percentile by Number Answered
Your Score History
You have not taken this quiz since the last reset